Tsunamis : case studies and recent developments

Αποθηκεύτηκε σε:
Λεπτομέρειες βιβλιογραφικής εγγραφής
Συγγραφή απο Οργανισμό/Αρχή: International Tsunami Symposium
Άλλοι συγγραφείς: Satake, Kenji 1958- (Επιμελητής έκδοσης)
Μορφή: Πρακτικό Συνεδρίου Βιβλίο
Γλώσσα:English
Δημοσίευση: Dordrecht : Springer, c2005
Σειρά:Advances in natural and technological hazards research ; ; 23
Θέματα:
Ετικέτες: Προσθήκη ετικέτας
Δεν υπάρχουν, Καταχωρήστε ετικέτα πρώτοι!

MARC

LEADER 00000nam a2200000 i 4500
001 1/93678
008 080911s2005 eng d
020 |a 978-1-4020-3326-1 (hbk.) 
020 |a 1-4020-3326-5 (hbk.) 
035 |l 10100075 
040 |a GR-MY-UA  |b gre  |e aacr 
041 0 |a eng 
082 0 |a 551.4637  |2 (22) 
245 1 0 |a Tsunamis :  |b case studies and recent developments /  |c edited by Kenji Satake 
260 |a Dordrecht :   |b Springer,   |c c2005 
300 |a viii, 343 σ.;  |b εικ., χάρτες, πίν.;  |c 25 εκ. 
490 1 |a Advances in natural and technological hazards research  |v ; 23 
500 |a Κυρίως πρακτικά απο δυο συναντήσεις που πραγματοποιούνται απο το 2003:το 21ο Διεθνές Συμπόσιο για το Τσουνάμι που πραγματοποιήθηκε στις 9-10 Ιουλίου στο Sapporo, στην Ιαπωνία, και ένα Διεθνές Εργαστήριο στα Τσουνάμι που διοργανώθηκε στις 25-26 Σεπτεμβρίου στο Ουέλλινγκτον, Νέα Ζηλανδία. 
504 |a Περιέχει βιβλιογραφικές παραπομπές και ευρετήριο 
650 0 0 |a Tsunamis  |x Congresses. 
700 1 |a Satake, Kenji  |d 1958-  |4 edt 
711 2 |a International Tsunami Symposium  |n (21st :  |d 2003 :  |c Sapporo, Japan) 
830 0 |a Advances in natural and technological hazards research ;  |v ; 23 
852 |a INST  |b LESVOS  |e 20080911  |h 551.4637 TSU  |p 005100044437  |q 005100044437  |t BK  |y 0 
901 |a BIBL1-2008-3 
909 |a Λ  |b 144710 
922 |a 1ΕΛΗ  |b 200801  |c ΕΠΕΑΕΚ2/ΤΕΘ  |d ΠΑΠΑΣΩΤΗΡΙΟΥ 
970 |a ΓΙΑΛΑΜΑ  |b ΜΑΡΙΑ  |z 2008/09/11